000 00298nam a2200133Ia 4500
100 _aFraleigh/ J.B.
942 _cBK
654 _aAbstract Algebra
245 _aFirst Course in Abstract Algebra
260 _bNarosa book
_aNew Delhi
_c1993
082 _a512.02
546 _aENGLISH
999 _c32481
_d32481